[Event "DEN-chT 0203"]
[Site "Denmark"]
[Date "2002.11.16"]
[Round "3.2"]
[White "Pedersen, Jan"]
[Black "Pedersen, Steffen"]
[Result "1-0"]
[WhiteElo "2407"]
[BlackElo "2443"]
[PlyCount "99"]
[EventDate "2002.11.06"]
[EventType "team"]
[EventRounds "7"]
[EventCountry "DEN"]
[SourceTitle "EXT 2006"]
[Source "ChessBase"]
[SourceDate "2005.11.24"]
[SourceVersion "1"]
[SourceVersionDate "2005.11.24"]
[SourceQuality "1"]

1. e4 c5 2. Nf3 d6 3. Bb5+ Bd7 4. Bxd7+ Qxd7 5. 0-0 Nc6 6. c4 g6 7. d4 cxd4 8. Nxd4 Bg7 9. Be3 Nf6 10. f3 0-0 11. Nc3 a6 12. Qd2 Rac8 13. b3 Qd8 14. Rac1 Nd7 15. Nxc6 Rxc6 16. Nd5 e6 17. Nb4 Rc8 18. Qxd6 Ne5 19. Qxd8 Rfxd8 20. Rcd1 Bf8 21. Nc2 b5 22. Rxd8 Rxd8 23. cxb5 axb5 24. Nd4 Bc5 25. Nc2 Bf8 26. Nd4 Bc5 27. Nf5 Ba3 28. Nh6+ Kg7 29. Ng4 Nxg4 30. fxg4 Bb2 31. Kf2 Ra8 32. Re1 Bc3 33. Re2 Kf6 34. Rc2 b4 35. a4 Ke5 36. Kf3 f6 37. Rc1 Kd6 38. Rd1+ Kc6 39. Bf4 g5 40. Bg3 Kc5 41. Bf2+ Kc6 42. Ke2 f5 43. Bd4 fxe4 44. Rc1 Kd5 45. Bxc3 bxc3 46. Rxc3 Rb8 47. a5 Rb5 48. b4 Rxb4 49. Ra3 Rb2+ 50. Ke3 1-0